000 00349 a2200157 4500
001 155348
040 _cEscola São Tomás de Aquino
100 _aBIANCHINI, Edwaldo
240 1 0 _aMatemática Bianchini
_lpor
245 1 0 _aMatemática Bianchini
300 _a352
362 0 _a2015
440 1 _aModerna
697 _aMATEMÁTICA
942 _cBK
999 _c155348
_d155348